000 00295nam a22001337a 4500
008 181023b xxu||||| |||| 00| 0 eng d
020 _a2740276147785
041 _aeng
080 _a371
100 _a46
101 _aEDU
245 _aLet my people go surfing
_cHouinard, Y
942 _2udc
_cBK
999 _c50632
_d50632